000 00579nam a22001937a 4500
005 20251108165427.0
008 250721s1997 xx 000 0 ara d
082 1 4 _a575.01/علي
100 1 _aعلي، أورخان محمد
245 1 0 _aتهافت النظرية دراون في التطور أمام العلم الحديث /
264 1 _aعمان :
_bدار البشير،
_c1997.
300 _a80ص
650 1 7 _aالتطور
650 1 7 _aالنظرية
650 1 7 _aعلم الأحياء
650 1 7 _aعلم الأجنة
942 _2ddc
_cBK
999 _c27661
_d27661